000 01304cam a2200373 a 4500
999 _c3425
_d3425
001 16662790
003 OSt
005 20240108081202.0
008 110223r20082000enka 000 1 eng d
010 _a 2011380019
015 _aGBA875033
_2bnb
016 7 _a014533811
_2Uk
020 _a9780194234221 (pbk.)
020 _a0194234223 (pbk.)
035 _a(OCoLC)ocn231882072
040 _aUKM
_cUKM
_dYDXCP
_dBTCTA
_dBAKER
_dCNCGM
_dDLC
_dKH8
042 _aukblsr
_alccopycat
082 0 4 _a428.6 ESC
_222
100 1 _aEscott, John,
_eauthor.
245 1 0 _aGirl on a motorcycle /
_cJohn Escott ; illustrated by Kevin Hopgood.
260 _aOxford ;
_aNew York :
_bOxford University Press,
_c2000
_g(2008 printing)
300 _a40 p. :
_bcol. ill. ;
_c20 cm.
490 0 _aOxford Bookworms library. Starter
650 0 _aReaders (Adult)
650 0 _aEnglish language
_vTextbooks for foreign speakers.
650 0 _aReading comprehension
_vProblems, exercises, etc.
650 0 _aRobbery
_zCalifornia
_zLos Angeles
_vFiction.
655 7 _aAdventure fiction.
_2gsafd
655 7 _aMystery fiction.
_2gsafd
700 1 _aHopgood, Kevin,
_eill.
906 _a7
_bcbc
_ccopycat
_d2
_encip
_f20
_gy-gencatlg
942 _2ddc
_cTR